[Event "71st ch-RUS 2018"]
[Site "Satka RUS"]
[Date "2018.09.03"]
[Round "9.5"]
[White "Vitiugov, Nikita"]
[Black "Andreikin, Dmitry"]
[Result "1/2-1/2"]
[WhiteTitle "GM"]
[BlackTitle "GM"]
[WhiteElo "2730"]
[BlackElo "2710"]
[WhiteFideId "4152956"]
[BlackFideId "4158814"]
[EventDate "2018.08.25"]

1. d4 Nf6 2. c4 e6 3. Nf3 d5 4. g3 Be7 5. Bg2 O-O 6. O-O dxc4 7. Qc2 a6 8. a4
Bd7 9. Rd1 Bc6 10. Bg5 b5 11. Bxf6 Bxf6 12. Nc3 Qe8 13. d5 exd5 14. Nd4 Qe5 15.
e4 dxe4 16. axb5 axb5 17. Nxc6 Nxc6 18. Rxa8 Rxa8 19. Qxe4 Qxe4 20. Bxe4 Ra6 21.
Nxb5 Ne5 22. Nxc7 Ra2 23. Rb1 Nd3 24. Bxd3 cxd3 25. Rd1 Rxb2 26. Rxd3 g6 27. Nd5
Kg7 28. Nxf6 Kxf6 29. Kg2 Rb4 30. Rd1 Kg7 31. Kg1 h5 32. h4 Rb5 33. Kg2 Rb3 34.
Kg1 Rb4 35. Kg2 Rb3 36. Kg1 Rb5 37. Kg2 Rb6 38. Kg1 Rb5 39. Kg2 Rb4 40. Kg1 Rb3 1/2-1/2

[Event "71st ch-RUS 2018"]
[Site "Satka RUS"]
[Date "2018.09.03"]
[Round "9.6"]
[White "Tomashevsky, Evgeny"]
[Black "Fedoseev, Vladimir3"]
[Result "1/2-1/2"]
[WhiteTitle "GM"]
[BlackTitle "GM"]
[WhiteElo "2702"]
[BlackElo "2707"]
[WhiteFideId "4147235"]
[BlackFideId "24130737"]
[EventDate "2018.08.25"]

1. d4 Nf6 2. Nf3 g6 3. g3 Bg7 4. Bg2 O-O 5. O-O Na6 6. c4 c6 7. Nc3 d6 8. b3 Qa5
9. Qd2 Bd7 10. Bb2 Rfe8 11. Rfd1 Qh5 12. Qg5 Qxg5 13. Nxg5 Rad8 14. e3 h6 15.
Nf3 Nh7 16. Rd2 g5 17. h4 Nc7 18. e4 Bg4 19. hxg5 hxg5 20. Re1 Ne6 21. d5 Bxf3
22. Bxf3 Nd4 23. Kg2 Nxf3 24. Kxf3 Nf6 25. Nd1 Nd7 26. Rh1 Bxb2 27. Nxb2 Kg7 28.
Nd3 Kg6 29. Kg2 f5 30. Nb4 Rc8 31. exf5+ Kxf5 32. Nc2 Kg6 33. Ne3 Nf6 34. f4
gxf4 35. gxf4 Rh8 36. Rxh8 Rxh8 37. Rd1 cxd5 38. Nxd5 Nxd5 39. Rxd5 b6 40. Kg3
Rh1 41. Kg4 a6 42. Rd2 Re1 43. Rh2 Ra1 44. Rh8 1/2-1/2

[Event "71st ch-RUS 2018"]
[Site "Satka RUS"]
[Date "2018.09.04"]
[Round "10.1"]
[White "Khismatullin, Denis"]
[Black "Fedoseev, Vladimir3"]
[Result "0-1"]
[WhiteTitle "GM"]
[BlackTitle "GM"]
[WhiteElo "2634"]
[BlackElo "2707"]
[WhiteFideId "4142578"]
[BlackFideId "24130737"]
[EventDate "2018.08.25"]

1. d4 Nf6 2. c4 g6 3. Nf3 Bg7 4. g3 O-O 5. Bg2 d6 6. O-O Nc6 7. Nc3 a6 8. h3 Bd7
9. e4 e5 10. dxe5 dxe5 11. Be3 Be6 12. Qa4 h6 13. Rad1 Qb8 14. Rfe1 Rd8 15. c5
Qa7 16. b4 Rac8 17. a3 Qb8 18. Qc2 Rxd1 19. Rxd1 Rd8 20. Kh2 Kh7 21. Nd5 Nh5 22.
Bc1 f5 23. Ne3 f4 24. Nd5 Rf8 25. g4 Nf6 26. Bb2 Nd7 27. Kg1 Nd8 28. Bf1 Re8 29.
a4 c6 30. Nb6 Nxb6 31. cxb6 Nf7 32. Bc4 Qc8 33. Qb3 Bf6 34. Kg2 Kg7 35. Bxe6
Rxe6 36. Nd2 Rd6 37. Nc4 Qe6 38. Rd3 Rxd3 39. Qxd3 h5 40. f3 Kh6 41. Bc3 Bh4 42.
Kf1 Bg3 43. Ke2 Qe7 44. Kd1 Kg5 45. Kc1 Kh4 46. Qf1 c5 47. b5 axb5 48. axb5 Qe8
49. Qd1 Qxb5 50. Qd5 Ng5 51. Nxe5 Qxb6 52. Qd7 Bf2 53. gxh5 gxh5 54. Qf5 Nxh3
55. Ng6+ Kg3 56. Kc2 c4 57. Bd2 Qb3+ 58. Kc1 Be3 0-1

[Event "71st ch-RUS 2018"]
[Site "Satka RUS"]
[Date "2018.09.04"]
[Round "10.2"]
[White "Andreikin, Dmitry"]
[Black "Tomashevsky, Evgeny"]
[Result "1/2-1/2"]
[WhiteTitle "GM"]
[BlackTitle "GM"]
[WhiteElo "2710"]
[BlackElo "2702"]
[WhiteFideId "4158814"]
[BlackFideId "4147235"]
[EventDate "2018.08.25"]

1. Nf3 d5 2. e3 Nf6 3. c4 e6 4. b3 Be7 5. Bb2 O-O 6. Nc3 c5 7. cxd5 Nxd5 8. Qc2
b6 9. a3 Ba6 10. Bxa6 Nxa6 11. h4 f5 12. Nxd5 Qxd5 13. Qc4 Nc7 14. Rc1 Rac8 15.
O-O Rfd8 16. Rfd1 Ne8 17. d3 Nd6 18. Qc2 Qb7 19. Qe2 Qd5 20. Qc2 Qb7 21. Qe2 Qd5
22. Qc2 1/2-1/2

[Event "71st ch-RUS 2018"]
[Site "Satka RUS"]
[Date "2018.09.04"]
[Round "10.3"]
[White "Kobalia, Mikhail"]
[Black "Vitiugov, Nikita"]
[Result "1/2-1/2"]
[WhiteTitle "GM"]
[BlackTitle "GM"]
[WhiteElo "2619"]
[BlackElo "2730"]
[WhiteFideId "4119150"]
[BlackFideId "4152956"]
[EventDate "2018.08.25"]

1. e4 e6 2. d4 d5 3. Nc3 Bb4 4. e5 c5 5. a3 Bxc3+ 6. bxc3 Qc7 7. Nf3 Nc6 8. a4
Nge7 9. Ba3 b6 10. Bd3 Bd7 11. O-O c4 12. Be2 O-O 13. Nh4 f6 14. f4 Rf7 15. Qd2
f5 16. g4 g6 17. Qe3 Rg7 18. Kh1 Kh8 19. Bd6 Qb7 20. Rg1 Rag8 21. Qh3 Qc8 22.
Ba3 Qe8 23. Nf3 fxg4 24. Rxg4 Nf5 25. Ng5 Nd8 26. a5 bxa5 27. Bc5 Nb7 28. Ba3
Nd8 29. Bc5 Nb7 30. Ba3 1/2-1/2

[Event "71st ch-RUS 2018"]
[Site "Satka RUS"]
[Date "2018.09.04"]
[Round "10.5"]
[White "Nepomniachtchi, Ian"]
[Black "Inarkiev, Ernesto"]
[Result "1/2-1/2"]
[WhiteTitle "GM"]
[BlackTitle "GM"]
[WhiteElo "2768"]
[BlackElo "2690"]
[WhiteFideId "4168119"]
[BlackFideId "4162722"]
[EventDate "2018.08.25"]

1. c4 e6 2. Nc3 d5 3. d4 Bb4 4. a3 Bxc3+ 5. bxc3 Nf6 6. e3 c5 7. Nf3 O-O 8. Be2
dxc4 9. Bxc4 Qc7 10. Be2 b6 11. O-O Bb7 12. Bb2 Nbd7 13. h3 Rfd8 14. a4 Rac8 15.
a5 h6 16. axb6 axb6 17. Ra7 Ra8 18. Rxa8 Rxa8 19. c4 Rc8 20. Qb3 Qc6 21. Rd1
cxd4 22. Bxd4 Ne4 23. Ba1 Ng5 24. Qb2 Nf6 25. Qb4 Nxf3+ 26. Bxf3 Qc7 27. Bxb7
Qxb7 28. Bxf6 gxf6 29. Qb5 Kg7 30. Rd4 Rc5 31. Rg4+ Kf8 32. Qb2 Ke7 33. Rf4 e5
34. Rh4 Qc7 35. Qa3 Kf8 36. Qa8+ Qc8 37. Qf3 Qc6 38. Qg4 Qe6 39. Qd1 f5 40. Qd8+
Kg7 41. e4 Rc6 42. exf5 Qxf5 43. Qd5 Rg6 44. Re4 Qf3 45. Qxe5+ Kh7 46. Rg4 Rxg4
47. hxg4 Qd1+ 48. Kh2 Qxg4 49. Qd5 Qf4+ 50. Kg1 Qc1+ 51. Kh2 1/2-1/2

[Event "71st ch-RUS 2018"]
[Site "Satka RUS"]
[Date "2018.09.04"]
[Round "10.6"]
[White "Sarana, Alexey"]
[Black "Oparin, Grigoriy"]
[Result "1/2-1/2"]
[WhiteTitle "GM"]
[BlackTitle "GM"]
[WhiteElo "2613"]
[BlackElo "2609"]
[WhiteFideId "24133795"]
[BlackFideId "24125890"]
[EventDate "2018.08.25"]

1. d4 f5 2. Nf3 Nf6 3. c4 e6 4. g3 d5 5. Bg2 Bd6 6. Nbd2 O-O 7. Ne5 b6 8. cxd5
Bb7 9. e4 fxe4 10. dxe6 Qe7 11. O-O Qxe6 12. Qc2 Bxe5 13. dxe5 Qxe5 14. Re1 Re8
15. f3 Qd4+ 16. Kh1 Nbd7 17. Nxe4 Nxe4 18. fxe4 Nc5 19. Be3 Qxe4 20. Qxe4 Nxe4
21. Bf4 Re7 22. Kg1 Rae8 23. Rad1 c5 24. Bxe4 Bxe4 25. Bd6 Re6 26. Bf4 Bf5 27.
Rxe6 Bxe6 28. a3 Bg4 29. Rd2 h6 30. Kg2 g5 31. Bc7 Kf7 32. h3 Bc8 33. Rd8 Re2+
34. Kf3 Ba6 35. Ra8 Rxb2 36. Rxa7 Be2+ 37. Ke3 Ke6 38. Rb7 b5 39. Rb6+ Kd5 40.
Rd6+ Kc4 41. Rd2 1/2-1/2

[Event "71st ch-RUS 2018"]
[Site "Satka RUS"]
[Date "2018.09.05"]
[Round "11.1"]
[White "Oparin, Grigoriy"]
[Black "Khismatullin, Denis"]
[Result "1/2-1/2"]
[WhiteTitle "GM"]
[BlackTitle "GM"]
[WhiteElo "2609"]
[BlackElo "2634"]
[WhiteFideId "24125890"]
[BlackFideId "4142578"]
[EventDate "2018.08.25"]

1. Nf3 d5 2. g3 g6 3. c4 d4 4. b4 Bg7 5. d3 c5 6. b5 b6 7. Bg2 Bb7 8. O-O Nh6 9.
a4 a5 10. Ra2 O-O 11. e3 dxe3 12. fxe3 Ra7 13. e4 Ng4 14. Rc2 Ba8 15. Nc3 Rd7
16. Qe2 e6 17. Bg5 Qc7 18. Nd1 Ne5 19. Nxe5 Qxe5 20. Bf4 Qd4+ 21. Nf2 Rdd8 22.
e5 Nd7 23. Re1 Rc8 24. h4 h6 25. Bxa8 Rxa8 26. Kg2 g5 27. hxg5 hxg5 28. Bxg5
Qxe5 29. Ne4 Qf5 30. Qh5 Qh7 31. g4 Qxh5 32. gxh5 Kh7 33. Rf2 f5 34. Nd6 Be5 35.
Bf4 Bxf4 36. Rxf4 Rf6 37. Rf3 Raf8 38. Ref1 Ne5 39. Ne4 Nxf3 40. Nxf6+ Rxf6 41.
Kxf3 e5 42. Rg1 Kh6 43. Rg8 Rd6 44. Rh8+ Kg5 45. Ke3 Rh6 46. Re8 Kxh5 47. Rxe5
Kg4 48. Re8 Rh3+ 49. Kd2 f4 50. Rg8+ Kf5 51. Rf8+ Ke5 52. Re8+ 1/2-1/2

[Event "71st ch-RUS 2018"]
[Site "Satka RUS"]
[Date "2018.09.05"]
[Round "11.2"]
[White "Inarkiev, Ernesto"]
[Black "Sarana, Alexey"]
[Result "1/2-1/2"]
[WhiteTitle "GM"]
[BlackTitle "GM"]
[WhiteElo "2690"]
[BlackElo "2613"]
[WhiteFideId "4162722"]
[BlackFideId "24133795"]
[EventDate "2018.08.25"]

1. e4 c5 2. Nf3 d6 3. d4 cxd4 4. Nxd4 Nf6 5. Nc3 a6 6. Be3 e5 7. Nb3 Be6 8. f3
Nbd7 9. Qd2 b5 10. g4 Be7 11. g5 Nh5 12. O-O-O O-O 13. Nd5 Bxd5 14. exd5 f5 15.
Rg1 f4 16. Bf2 Bxg5 17. Bh3 Bh6 18. Na5 Kh8 19. Nc6 Qc7 20. Qb4 Ng3 21. Kb1 Nf5
22. Bxf5 Rxf5 23. c4 bxc4 24. Qxc4 Qb7 25. Rd3 Rg5 26. Rc1 Qb5 27. Qxb5 axb5 28.
Bh4 Rg2 29. Be7 e4 30. fxe4 Nc5 31. Rxc5 dxc5 32. d6 c4 33. Rf3 Rg1+ 34. Kc2
Rg2+ 35. Kc3 g5 36. h3 Bf8 37. Bxf8 Rxf8 38. Rf1 Kg7 39. d7 Rg3+ 40. Kc2 Rxh3
41. Rd1 g4 42. e5 Re3 43. Rd6 g3 44. Rf6 Rd3 45. Rxf8 g2 46. d8=Q Rxd8 47. Rxd8
g1=Q 48. Rd7+ Kg6 49. Rd6+ Kf5 50. e6 Qf2+ 51. Kc3 Qe1+ 52. Kd4 c3 53. bxc3 Qf2+
54. Kd5 Qxa2+ 55. Kc5 Qa3+ 56. Kd5 Qxc3 57. Nd4+ Kg6 58. Rc6 Qa3 59. e7+ Kf7 60.
Re6 Qa8+ 61. Ke5 f3 62. Nxf3 b4 63. Ng5+ Ke8 64. Ne4 Qa1+ 65. Kf5 Qf1+ 66. Ke5
Qa1+ 67. Kf5 Qf1+ 68. Ke5 1/2-1/2

[Event "71st ch-RUS 2018"]
[Site "Satka RUS"]
[Date "2018.09.05"]
[Round "11.4"]
[White "Vitiugov, Nikita"]
[Black "Jakovenko, Dmitry"]
[Result "1/2-1/2"]
[WhiteTitle "GM"]
[BlackTitle "GM"]
[WhiteElo "2730"]
[BlackElo "2748"]
[WhiteFideId "4152956"]
[BlackFideId "4122356"]
[EventDate "2018.08.25"]

1. e4 e5 2. Nf3 Nc6 3. Bb5 Nf6 4. d3 Bc5 5. Nbd2 d6 6. c3 O-O 7. O-O a6 8. Bxc6
bxc6 9. d4 exd4 10. cxd4 Bb6 11. Qc2 Re8 12. Re1 c5 13. d5 Bg4 14. b3 Ba5 15.
Re3 c6 16. dxc6 d5 17. exd5 Rxe3 18. fxe3 Qxd5 19. Bb2 Bxf3 20. Nxf3 Qxc6 21.
Ng5 Rd8 22. Qc4 Rd7 23. Rf1 Bd8 24. Bxf6 Bxf6 25. Ne4 Bd4 26. exd4 Qxe4 27. dxc5
Qxc4 28. bxc4 Kf8 29. Rb1 Rc7 30. Rb6 Rxc5 31. Rxa6 Rxc4 32. Ra8+ Ke7 33. Ra7+
Ke6 34. Ra6+ Ke7 35. Ra7+ Ke6 36. Ra6+ Ke7 37. Ra7+ 1/2-1/2

[Event "71st ch-RUS 2018"]
[Site "Satka RUS"]
[Date "2018.09.05"]
[Round "11.5"]
[White "Tomashevsky, Evgeny"]
[Black "Kobalia, Mikhail"]
[Result "1-0"]
[WhiteTitle "GM"]
[BlackTitle "GM"]
[WhiteElo "2702"]
[BlackElo "2619"]
[WhiteFideId "4147235"]
[BlackFideId "4119150"]
[EventDate "2018.08.25"]

1. d4 d5 2. c4 c6 3. Nf3 Nf6 4. Nc3 a6 5. e3 e6 6. b3 Bb4 7. Bd2 O-O 8. Bd3 Nbd7
9. O-O Qe7 10. Qe1 dxc4 11. bxc4 e5 12. Ng5 Rd8 13. a3 Bxa3 14. Qb1 h6 15. Nxf7
Kxf7 16. c5 Bxc5 17. Bc4+ Kf8 18. dxc5 Nxc5 19. Bc1 b5 20. Ba3 bxc4 21. Na4 Kg8
22. Nxc5 Qf7 23. Qc2 Kh8 24. Rac1 Rd5 25. e4 Rd8 26. Qxc4 Qg6 27. Rfe1 Bg4 28.
Qc3 Rd4 29. Bb2 Rad8 30. Qe3 Rd2 31. Bxe5 Ra2 32. Ra1 Rc2 33. Rac1 Ra2 34. Bc3
Rf8 35. Nd3 Re8 36. Ne5 Qh5 37. Qg3 Kh7 38. Nxg4 Nxg4 39. h3 Ne5 40. f4 Qg6 41.
Re3 Qxg3 42. Rxg3 Ng6 43. f5 Ne5 44. Rd1 g5 45. fxg6+ Kg8 46. g7 Nf7 47. Rg6 c5
48. Rd5 Rc8 49. e5 Rc2 50. Rd3 Ng5 51. e6 Re2 52. Rxh6 Nh7 53. Rd5 Re3 54. Be5
c4 55. e7 Re8 56. Rd8 1-0